延長4000m~4999mの道路トンネル - Statistics

General Stats
  • This quiz has been taken 22 times
  • The average score is 13 of 48
Answer Stats
都道府県 道路名 延長 回答 % Correct
山梨県 中央自動車道 4784m 笹子トンネル
67%
北海道 国道336号 4941m えりも黄金トンネル
47%
福井県岐阜県 国道417号 4834m 冠山トンネル
40%
新潟県 北陸自動車道 4563m 子不知トンネル
40%
長野県岐阜県 中部縦貫自動車道 4370m 安房トンネル
40%
山梨県静岡県 中部横断自動車道 4999m 樽峠トンネル
33%
岩手県 国道106号 4998m 新区界トンネル
33%
福井県 中部縦貫自動車道 4988m 荒島第二トンネル
33%
岐阜県 東海環状自動車道 4930m 岐大トンネル
33%
静岡県愛知県 三遠南信自動車道 4525m 三遠トンネル
33%
群馬県長野県 上信越自動車道 4471m 八風山トンネル
33%
長野県 国道361号 4467m 権兵衛トンネル
33%
愛知県 東海環状自動車道 4434m 猿投山トンネル
33%
北海道 道東自動車道 4318m 穂別トンネル
33%
北海道 国道236号 4232m 野塚トンネル
33%
北海道 国道231号 4216m 浜益トンネル
33%
北海道 道東自動車道 4172m 大夕張トンネル
33%
北海道 国道333号 4110m 新佐呂間トンネル
33%
三重県滋賀県 新名神高速道路 4005m 鈴鹿トンネル
33%
岐阜県 濃飛横断自動車道 4877m ささゆりトンネル
27%
鹿児島県 北薩横断道路 4850m 北薩トンネル
27%
静岡県 新東名高速道路 4662m 粟ケ岳トンネル
27%
岐阜県 国道256号 4571m タラガトンネル
27%
長野県 上信越自動車道 4518m 五里ヶ峯トンネル
27%
静岡県 新東名高速道路 4503m 富士川トンネル
27%
福島県 国道401号 4503m 博士トンネル
27%
岩手県 国道283号 4492m 新仙人トンネル
27%
北海道 道東自動車道 4460m 新釧勝トンネル
27%
福島県 国道289号 4345m 甲子トンネル
27%
京都府 京滋バイパス 4313m 宇治トンネル
27%
長野県 上信越自動車道 4303m 太郎山トンネル
27%
長野県 三遠南信自動車道 4176m 矢筈トンネル
27%
神奈川県 首都高速神奈川7号横浜北西線 4100m 横浜北西トンネル
27%
北海道 旭川紋別自動車道 4098m 北大雪トンネル
27%
大阪府 阪神高速6号大和川線 4922m 大和川第3トンネル
27%
大阪府 新名神高速道路 4997m 箕面トンネル
20%
島根県広島県 松江自動車道 4878m 大万木トンネル
20%
宮崎県 東九州自動車道 4858m 猪八重トンネル
20%
岐阜県 中部縦貫自動車道 4346m 小鳥トンネル
20%
青森県秋田県 東北自動車道 4265m 坂梨トンネル
20%
三重県滋賀県 国道421号 4157m 石榑トンネル
20%
岐阜県 岐阜県道90号 4475m 猪臥山トンネル
13%
愛媛県高知県 高知自動車道 4307m 笹ヶ峰トンネル
13%
鹿児島県 国道58号 4243m 網野子トンネル
13%
徳島県香川県 国道32号 4187m 新猪ノ鼻トンネル
13%
三重県 新名神高速道路 4137m 野登トンネル
13%
岡山県 米子自動車道 4099m 摺鉢山トンネル
13%
和歌山県 阪和自動車道 4047m 長峰トンネル
13%
No matching quizzes found
Score Distribution
Percent of People with Each Score
Percentile by Number Answered
Your Score History
You have not taken this quiz